[Event "Polanica Zdroj op"]
[Site "Polanica Zdroj"]
[Date "2001.08.22"]
[Round "7"]
[White "Robaszek, Janusz"]
[Black "Rutkowska, Mariola"]
[Result "1-0"]
[WhiteElo "2205"]
[BlackElo "2122"]
[PlyCount "40"]
[EventDate "2001.08.16"]
[EventType "swiss"]
[EventRounds "10"]
[EventCountry "POL"]
[SourceTitle "EXT 2002"]
[Source "ChessBase"]
[SourceDate "2001.11.25"]
[SourceVersion "1"]
[SourceVersionDate "2001.11.25"]
[SourceQuality "1"]

1. e4 c5 2. c3 Qa5 3. b4 cxb4 4. cxb4 Qxb4 5. Nc3 e6 6. Nf3 Nc6 7. Rb1 Qa5 8. Bc4 Nf6 9. Qe2 Bb4 10. 0-0 0-0 11. Bb2 d5 12. e5 Nxe5 13. Nxe5 dxc4 14. f4 Qc5+ 15. Kh1 b5 16. Rf3 Bxc3 17. Bxc3 Qd5 18. Rg3 g6 19. Re1 Bb7 20. Ng4 Nxg4 1-0

[Event "Polanica Zdroj op"]
[Site "Polanica Zdroj"]
[Date "2001.08.16"]
[Round "1"]
[White "Lagowski, Patryk"]
[Black "Rutkowska, Mariola"]
[Result "1-0"]
[WhiteElo "2346"]
[BlackElo "2122"]
[PlyCount "81"]
[EventDate "2001.08.16"]
[EventType "swiss"]
[EventRounds "10"]
[EventCountry "POL"]
[SourceTitle "EXT 2002"]
[Source "ChessBase"]
[SourceDate "2001.11.25"]
[SourceVersion "1"]
[SourceVersionDate "2001.11.25"]
[SourceQuality "1"]

1. d4 Nf6 2. c4 g6 3. Nc3 Bg7 4. Nf3 0-0 5. Bf4 d6 6. h3 Nbd7 7. e3 c6 8. Be2 Re8 9. 0-0 Qa5 10. Qc2 c5 11. a3 a6 12. b4 cxb4 13. axb4 Qd8 14. Rfd1 e5 15. dxe5 dxe5 16. Nxe5 Qe7 17. Nxd7 Bxd7 18. Bd6 Qe6 19. Rac1 Bc6 20. Bf4 Rac8 21. Qd3 Ne4 22. Nd5 Red8 23. Bf3 f5 24. Qb3 Be8 25. Nc7 Qf7 26. Bxe4 fxe4 27. Nd5 Qe6 28. Nc7 Qf7 29. Nxe8 Rxd1+ 30. Qxd1 Rxe8 31. c5 Bf6 32. Qc2 Be5 33. Bxe5 Rxe5 34. Rd1 Rd5 35. Qb3 Rf5 36. Rd8+ Kg7 37. Qxf7+ Rxf7 38. Re8 Rd7 39. Rxe4 Rd1+ 40. Kh2 Rb1 41. Re7+ 1-0

[Event "POL-chT U19 29th"]
[Site "Rowy"]
[Date "1998.08.22"]
[Round "3"]
[White "Rutkowska, Mariola"]
[Black "Zimny, Joanna"]
[Result "1-0"]
[WhiteElo "2115"]
[BlackElo "2060"]
[PlyCount "77"]
[EventDate "1998.08.20"]
[EventType "team-tourn"]
[EventRounds "11"]
[EventCountry "POL"]
[SourceTitle "EXT 2000"]
[Source "ChessBase"]
[SourceDate "1999.11.16"]
[SourceVersion "1"]
[SourceVersionDate "1999.11.16"]
[SourceQuality "1"]
[WhiteTeam "Warszawa Polonia PKO BP U19"]
[BlackTeam "Wisla Strumien U19"]
[WhiteTeamCountry "POL"]
[BlackTeamCountry "POL"]

1. e4 e5 2. Nc3 Nf6 3. g3 d5 4. exd5 Nxd5 5. Bg2 Nxc3 6. bxc3 Bd6 7. Ne2 0-0 8. d3 c6 9. h3 Be6 10. 0-0 Bd5 11. f4 Bxg2 12. Kxg2 Nd7 13. fxe5 Nxe5 14. d4 Nc4 15. Qd3 b5 16. Nf4 Bxf4 17. Bxf4 Qd5+ 18. Qf3 Qxf3+ 19. Kxf3 Rae8 20. a4 a6 21. axb5 axb5 22. Ra6 Re6 23. Rfa1 Rfe8 24. Ra8 f6 25. Rxe8+ Rxe8 26. h4 h5 27. Ra6 Rc8 28. g4 g6 29. gxh5 gxh5 30. Ke4 Nb2 31. Kf5 Nd1 32. Kg6 Nxc3 33. Kxh5 Nd5 34. Bh6 Nb4 35. Ra7 Nxc2 36. Kg6 Nxd4 37. Rg7+ Kh8 38. Rh7+ Kg8 39. Bg7 1-0

[Event "MK Cafe Cup-B"]
[Site "Koszalin"]
[Date "1998.??.??"]
[Round "3"]
[White "Ilczuk, Piotr"]
[Black "Rutkowska, Mariola"]
[Result "1-0"]
[WhiteElo "2280"]
[BlackElo "2115"]
[PlyCount "77"]
[EventDate "1998.08.??"]
[EventType "swiss"]
[EventRounds "10"]
[EventCountry "POL"]
[SourceTitle "EXT 1999"]
[Source "ChessBase"]
[SourceDate "1998.11.16"]
[SourceVersion "1"]
[SourceVersionDate "1998.11.16"]
[SourceQuality "1"]

1. Nf3 g6 2. e4 Bg7 3. d4 c6 4. Nc3 d5 5. h3 Nf6 6. e5 Ne4 7. Nxe4 dxe4 8. Ng5 c5 9. Bc4 0-0 10. c3 Nc6 11. Be3 cxd4 12. cxd4 b5 13. Bb3 Qa5+ 14. Kf1 Bb7 15. Nxe4 Rad8 16. Nc5 Bc8 17. f4 b4 18. Kf2 Bh6 19. g3 Kh8 20. Rc1 Nb8 21. Qf3 f6 22. e6 f5 23. Nb7 Bxb7 24. Qxb7 Bg7 25. Qxe7 Rfe8 26. Qf7 Rf8 27. Qc7 Qxc7 28. Rxc7 Rfe8 29. Rd1 a5 30. e7 Rd7 31. Rdc1 Bf6 32. d5 Bxb2 33. Rxd7 Nxd7 34. d6 Kg7 35. Rc7 Nf6 36. d7 Nxd7 37. Rxd7 Kf6 38. Bc5 Rc8 39. Rd8 1-0

[Event "MK Cafe Cup-B"]
[Site "Koszalin"]
[Date "1998.??.??"]
[Round "9"]
[White "Liwak, Przemyslaw"]
[Black "Rutkowska, Mariola"]
[Result "1-0"]
[WhiteElo "2230"]
[BlackElo "2115"]
[PlyCount "73"]
[EventDate "1998.08.??"]
[EventType "swiss"]
[EventRounds "10"]
[EventCountry "POL"]
[SourceTitle "EXT 1999"]
[Source "ChessBase"]
[SourceDate "1998.11.16"]
[SourceVersion "1"]
[SourceVersionDate "1998.11.16"]
[SourceQuality "1"]

1. e4 g6 2. d4 Bg7 3. Nc3 c6 4. Bc4 d5 5. exd5 b5 6. Bb3 b4 7. Nce2 cxd5 8. Nf4 Nf6 9. Nf3 0-0 10. 0-0 Nc6 11. a3 Bg4 12. axb4 Nxb4 13. h3 Bf5 14. Ne5 a5 15. c3 Na6 16. Nc6 Qd6 17. Nxa5 g5 18. Nh5 Nxh5 19. Qxh5 h6 20. Qe2 Nc7 21. Nb7 Qb6 22. Rxa8 Rxa8 23. Nc5 e5 24. Be3 exd4 25. Bxd4 Bxd4 26. cxd4 Re8 27. Qf3 Qg6 28. Qg3 Nb5 29. Rd1 Rd8 30. Qe5 Bc2 31. Bxc2 Qxc2 32. Re1 Qg6 33. Nd7 Rxd7 34. Qe8+ Kh7 35. Qxd7 Nxd4 36. Qxd5 Ne6 37. Qe4 1-0

[Event "POL-ch sf (Women)"]
[Site "Czestochowa"]
[Date "1998.??.??"]
[Round "9"]
[White "Rutkowska, Mariola"]
[Black "Glazik, Malgorzata"]
[Result "0-1"]
[WhiteElo "2055"]
[BlackElo "2105"]
[PlyCount "118"]
[EventDate "1998.??.??"]
[EventType "swiss"]
[EventRounds "11"]
[EventCountry "POL"]
[SourceTitle "EXT 2000"]
[Source "ChessBase"]
[SourceDate "1999.11.16"]
[SourceVersion "1"]
[SourceVersionDate "1999.11.16"]
[SourceQuality "1"]

1. e4 e5 2. Nf3 Nc6 3. Bb5 a6 4. Ba4 Nf6 5. 0-0 b5 6. Bb3 Be7 7. d4 exd4 8. Re1 0-0 9. e5 Ne8 10. Bd5 d3 11. cxd3 Bb7 12. Nc3 Rb8 13. d4 Kh8 14. Bf4 d6 15. Qd2 Na5 16. Bxb7 Rxb7 17. Rad1 c6 18. d5 c5 19. Ne4 b4 20. exd6 Bxd6 21. Bxd6 Nxd6 22. Nxc5 Rb5 23. Ne4 Nf5 24. Qd3 b3 25. a3 Nd6 26. Neg5 g6 27. Ne6 fxe6 28. dxe6 Re8 29. Qxd6 Qxd6 30. Rxd6 Nc4 31. Rd7 Nxb2 32. e7 Rbb8 33. Ne5 Na4 34. Nc6 Rbc8 35. Rd8 Nb6 36. Rxc8 Nxc8 37. f3 b2 38. Kf2 Nxe7 39. Nd4 Rb8 40. Rb1 Nd5 41. Ne2 Rb3 42. g3 Kg7 43. a4 a5 44. Ke1 Ne3 45. Nd4 Rb4 46. Kd2 Nc4+ 47. Kc3 Nb6 48. Ne2 Nxa4+ 49. Kc2 Kf6 50. Nf4 Rc4+ 51. Kd2 Ke5 52. h4 Rc8 53. Nd3+ Kd4 54. g4 Rc3 55. Ne1 Kc4 56. f4 Kb3 57. Nd3 Rc2+ 58. Ke3 Nc3 59. Nc5+ Kc4 0-1

[Event "POL-ch U18 Girls"]
[Site "Krynica"]
[Date "1998.??.??"]
[Round "?"]
[White "Rutkowska, Mariola"]
[Black "Kwiecien, Joanna"]
[Result "1-0"]
[WhiteElo "2055"]
[BlackElo "2035"]
[PlyCount "47"]
[EventDate "1998.??.??"]
[EventType "swiss"]
[EventRounds "11"]
[EventCountry "POL"]
[SourceTitle "EXT 2002"]
[Source "ChessBase"]
[SourceDate "2001.11.25"]
[SourceVersion "1"]
[SourceVersionDate "2001.11.25"]
[SourceQuality "1"]

1. e4 c5 2. Ne2 e5 3. Nec3 Nc6 4. Bc4 Nf6 5. d3 Be7 6. 0-0 0-0 7. Nd5 Nxd5 8. Bxd5 d6 9. Nc3 Kh8 10. f4 f6 11. f5 Bd7 12. Rf3 Be8 13. Rh3 Bf7 14. Qg4 Bxd5 15. exd5 Rf7 16. dxc6 bxc6 17. Qg6 Qg8 18. Rxh7+ Qxh7 19. Qxf7 Qh4 20. Be3 Bf8 21. Rf1 d5 22. Bd2 e4 23. Rf4 Qg5 24. g3 1-0

[Event "POL-ch sf (Women)"]
[Site "Czestochowa"]
[Date "1998.??.??"]
[Round "11"]
[White "Rutkowska, Mariola"]
[Black "Lukasiewicz, Anna"]
[Result "0-1"]
[WhiteElo "2055"]
[BlackElo "2150"]
[PlyCount "86"]
[EventDate "1998.??.??"]
[EventType "swiss"]
[EventRounds "11"]
[EventCountry "POL"]
[SourceTitle "EXT 2000"]
[Source "ChessBase"]
[SourceDate "1999.11.16"]
[SourceVersion "1"]
[SourceVersionDate "1999.11.16"]
[SourceQuality "1"]

1. e4 c5 2. Nf3 Nc6 3. d4 cxd4 4. Nxd4 e5 5. Nb5 d6 6. N1c3 a6 7. Na3 b5 8. Nd5 Nce7 9. c4 Nxd5 10. Qxd5 Be6 11. Qd3 Nf6 12. Be2 bxc4 13. Nxc4 d5 14. exd5 Bb4+ 15. Bd2 e4 16. Qd4 Bxd2+ 17. Qxd2 Nxd5 18. Qd4 0-0 19. 0-0 Nf4 20. Qxe4 Qg5 21. Rad1 Bd5 22. Rxd5 Nxd5 23. Bd3 Nf6 24. Qf3 Rad8 25. b3 Rd4 26. a4 Rfd8 27. Bb1 Qd5 28. Qxd5 Nxd5 29. g3 Nb4 30. Ne3 Rd2 31. Rc1 Rb2 32. Kg2 Rxb3 33. a5 g6 34. Nc4 Rc8 35. Be4 Nd3 36. Bxd3 Rxd3 37. Ne5 Rxc1 38. Nxd3 Ra1 39. Nb4 Rxa5 40. Nc6 Ra2 41. h4 h5 42. Kf3 Kg7 43. Ke3 a5 0-1

[Event "POL-ch U20 Girls"]
[Site "Trzebinia"]
[Date "1998.??.??"]
[Round "5"]
[White "Rutkowska, Mariola"]
[Black "Szymanowska, Karolina"]
[Result "1/2-1/2"]
[WhiteElo "2055"]
[BlackElo "2100"]
[PlyCount "86"]
[EventDate "1998.??.??"]
[EventType "tourn"]
[EventRounds "11"]
[EventCountry "POL"]
[SourceTitle "EXT 2000"]
[Source "ChessBase"]
[SourceDate "1999.11.16"]
[SourceVersion "1"]
[SourceVersionDate "1999.11.16"]
[SourceQuality "1"]

1. e4 e5 2. Nc3 Nf6 3. g3 Bc5 4. Bg2 a6 5. Nge2 Nc6 6. 0-0 d6 7. d3 Bg4 8. h3 Bh5 9. Kh2 Nd4 10. f3 Qd7 11. Nxd4 Bxd4 12. Ne2 Bb6 13. g4 Bg6 14. f4 exf4 15. Nxf4 h6 16. Nxg6 fxg6 17. c3 0-0-0 18. Qf3 c6 19. d4 Rde8 20. Qd3 Qe7 21. Bf4 Nxe4 22. d5 g5 23. Rae1 Nc5 24. Qg6 Qd7 25. dxc6 bxc6 26. Bxd6 Rd8 27. Bg3 Bc7 28. Bxc7 Qxc7+ 29. Kh1 Nd3 30. Qf5+ Kb7 31. Re6 Rhf8 32. Rxc6 Rxf5 33. Rxc7+ Kxc7 34. Rxf5 Nxb2 35. Rf7+ Kd6 36. Rxg7 Ke5 37. Kh2 Nd1 38. Re7+ Kf6 39. Rc7 Rd2 40. Rc6+ Ke5 41. Rc5+ Kf4 42. Rf5+ Ke3 43. c4 Rxa2 1/2-1/2

[Event "POL-ch U18 Girls"]
[Site "Krynica"]
[Date "1998.??.??"]
[Round "?"]
[White "Rutkowska, Mariola"]
[Black "Zielinska, Danuta"]
[Result "1-0"]
[WhiteElo "2055"]
[BlackElo "2040"]
[PlyCount "88"]
[EventDate "1998.??.??"]
[EventType "swiss"]
[EventRounds "11"]
[EventCountry "POL"]
[SourceTitle "EXT 2002"]
[Source "ChessBase"]
[SourceDate "2001.11.25"]
[SourceVersion "1"]
[SourceVersionDate "2001.11.25"]
[SourceQuality "1"]

1. e4 e6 2. d4 d5 3. Nc3 Nf6 4. Bg5 Be7 5. e5 Nfd7 6. Bxe7 Qxe7 7. f4 0-0 8. Nf3 c5 9. dxc5 Nc6 10. Qd2 Nxc5 11. 0-0-0 a6 12. Nd4 Bd7 13. Kb1 Rfc8 14. Nxc6 bxc6 15. g4 Rab8 16. Ka1 Rb6 17. Rb1 Rcb8 18. Bh3 Be8 19. Qf2 Nd7 20. Rhe1 Qb4 21. Qd2 R6b7 22. a3 Qf8 23. f5 Nb6 24. Bf1 a5 25. h4 Na8 26. h5 Nc7 27. f6 g6 28. hxg6 fxg6 29. Ka2 Nb5 30. Nxb5 cxb5 31. Qxa5 b4 32. Re3 Bd7 33. Rf3 Kf7 34. Qa6 Rb6 35. Qd3 Bb5 36. Qd2 Bxf1 37. Rbxf1 Qc5 38. Rh1 Rh8 39. g5 Qc7 40. Qe2 Qc6 41. Rfh3 h5 42. gxh6 d4 43. R1h2 Qd5+ 44. Kb1 bxa3 1-0

[Event "POL-ch U20 Girls"]
[Site "Trzebinia"]
[Date "1998.??.??"]
[Round "4"]
[White "Zawadzka, Magdalena"]
[Black "Rutkowska, Mariola"]
[Result "0-1"]
[WhiteElo "2050"]
[BlackElo "2055"]
[PlyCount "119"]
[EventDate "1998.??.??"]
[EventType "tourn"]
[EventRounds "11"]
[EventCountry "POL"]
[SourceTitle "EXT 2000"]
[Source "ChessBase"]
[SourceDate "1999.11.16"]
[SourceVersion "1"]
[SourceVersionDate "1999.11.16"]
[SourceQuality "1"]

1. e4 g6 2. d4 Bg7 3. Nc3 d6 4. Be3 a6 5. Qd2 b5 6. f3 Bb7 7. Nh3 Nd7 8. a4 b4 9. Nd1 a5 10. Bc4 d5 11. Bb3 Nb6 12. e5 Nc4 13. Bxc4 dxc4 14. Ng5 e6 15. Ne4 h6 16. Ndf2 Ne7 17. Qe2 Nf5 18. Rd1 Qe7 19. Bc1 Ba6 20. c3 Bb7 21. Qxc4 Bd5 22. Qb5+ c6 23. Qc5 0-0 24. Qxe7 Nxe7 25. Nc5 Nc8 26. cxb4 axb4 27. b3 Ra5 28. Nfd3 Ne7 29. Bd2 Nf5 30. Bxb4 Ra7 31. Bc3 Ne3 32. Rd2 h5 33. Kf2 Bh6 34. Rb2 Nf5 35. Re1 f6 36. Nb4 fxe5 37. Nxd5 exd5 38. Rxe5 Bf4 39. Re6 Bxh2 40. Rxg6+ Kh7 41. Rxc6 Rg8 42. Ne6 Bg3+ 43. Ke2 Ne7 44. Rc5 Bd6 45. Rb5 Rxg2+ 46. Kd3 Rg3 47. Rf2 h4 48. Ke2 h3 49. Rh2 Kg8 50. Be1 Rg6 51. Rxh3 Rxe6+ 52. Kf2 Nf5 53. Rxd5 Bg3+ 54. Rxg3+ Nxg3 55. Rg5+ Rg7 56. Rxg7+ Kxg7 57. Kxg3 Rxe1 58. Kf4 Kf6 59. d5 Ra1 60. Ke4 0-1

[Event "POL-ch U18 Girls"]
[Site "Sopot"]
[Date "1997.??.??"]
[Round "?"]
[White "Blimke, Dalia"]
[Black "Rutkowska, Mariola"]
[Result "1-0"]
[WhiteElo "2105"]
[BlackElo "2080"]
[PlyCount "81"]
[EventDate "1997.??.??"]
[EventType "swiss"]
[EventRounds "9"]
[EventCountry "POL"]
[SourceTitle "EXT 2003"]
[Source "ChessBase"]
[SourceDate "2002.11.25"]
[SourceVersion "1"]
[SourceVersionDate "2002.11.25"]
[SourceQuality "1"]

1. e4 e5 2. Nf3 Nc6 3. Bc4 Nf6 4. d3 Be7 5. c3 0-0 6. 0-0 d5 7. exd5 Nxd5 8. Re1 Bf6 9. Nbd2 Nb6 10. Bb5 Re8 11. Ne4 Bf5 12. Nc5 Qd5 13. Be3 Rab8 14. Rc1 a6 15. c4 Qd6 16. Nxa6 bxa6 17. c5 Qd5 18. Bxc6 Qxc6 19. cxb6 Qd5 20. bxc7 Rxb2 21. Bd4 Rb7 22. Bxe5 Rc8 23. d4 Bg4 24. Qa4 a5 25. Rc5 Qd7 26. Qxd7 Bxd7 27. d5 h6 28. Bxf6 gxf6 29. Rec1 a4 30. Nd2 a3 31. h3 Kg7 32. Nb3 Ba4 33. Nd4 Bd7 34. d6 Rb2 35. Nc6 Rxa2 36. Ne7 Rb2 37. Nxc8 a2 38. Ra1 Bxc8 39. Rcc1 Bf5 40. Kh2 Rb1 41. Rcxb1 1-0

[Event "Warsaw-ch"]
[Site "Warsaw"]
[Date "1997.??.??"]
[Round "3"]
[White "Dukaczewski, Piotr"]
[Black "Rutkowska, Mariola"]
[Result "1-0"]
[WhiteElo "2180"]
[BlackElo "2080"]
[PlyCount "99"]
[EventDate "1997.??.??"]
[EventType "swiss"]
[EventRounds "9"]
[EventCountry "POL"]
[SourceTitle "EXT 2000"]
[Source "ChessBase"]
[SourceDate "1999.11.16"]
[SourceVersion "1"]
[SourceVersionDate "1999.11.16"]
[SourceQuality "1"]

1. e4 g6 2. d4 Bg7 3. Nc3 d6 4. Be3 a6 5. Qd2 b5 6. Bd3 Bb7 7. 0-0-0 Nd7 8. f4 Ngf6 9. e5 Ng4 10. Nf3 e6 11. Ne4 Bxe4 12. Bxe4 d5 13. Bd3 Rc8 14. h3 Nxe3 15. Qxe3 c5 16. dxc5 Nxc5 17. g4 h5 18. f5 gxf5 19. Kb1 Qc7 20. gxf5 Nxd3 21. Qxd3 Qc4 22. fxe6 Qxd3 23. exf7+ Kxf7 24. Rxd3 Rc5 25. Rhd1 Rf8 26. Rxd5 Rxd5 27. Rxd5 Ke6 28. Rd6+ Ke7 29. Rd3 Bxe5 30. a4 Bh8 31. axb5 Rb8 32. bxa6 Rxb2+ 33. Kc1 Ra2 34. Rd5 Rxa6 35. Rxh5 Bc3 36. Kd1 Re6 37. Rd5 Re3 38. Rd3 Rxd3+ 39. cxd3 Kf6 40. Ke2 Kf5 41. Ke3 Bb2 42. Ng1 Bc1+ 43. Kf3 Bb2 44. Ne2 Bf6 45. d4 Bh8 46. Ng3+ Kg5 47. d5 Be5 48. Ne4+ Kf5 49. h4 Bh2 50. Ng3+ 1-0

[Event "Warsaw-ch"]
[Site "Warsaw"]
[Date "1997.??.??"]
[Round "1"]
[White "Rutkowska, Mariola"]
[Black "Deszczynski, Adam"]
[Result "1/2-1/2"]
[WhiteElo "2080"]
[BlackElo "2295"]
[PlyCount "65"]
[EventDate "1997.??.??"]
[EventType "swiss"]
[EventRounds "9"]
[EventCountry "POL"]
[SourceTitle "EXT 2000"]
[Source "ChessBase"]
[SourceDate "1999.11.16"]
[SourceVersion "1"]
[SourceVersionDate "1999.11.16"]
[SourceQuality "1"]

1. e4 c5 2. Nf3 d6 3. d4 cxd4 4. Nxd4 Nf6 5. Nc3 g6 6. g3 Nc6 7. Bg2 Nxd4 8. Qxd4 Bg7 9. 0-0 0-0 10. Bg5 h6 11. Be3 Ng4 12. Qd2 Nxe3 13. Qxe3 Be6 14. Rad1 Qc7 15. Nd5 Bxd5 16. exd5 Bxb2 17. Qxh6 Qxc2 18. Rd2 Qc3 19. Re2 Qf6 20. Rb1 Bd4 21. g4 Rfe8 22. Rxb7 Rab8 23. Rxb8 Rxb8 24. Qc1 Kg7 25. h3 Rb7 26. Qd1 Qf4 27. Qe1 Rc7 28. Re4 Rc1 29. Rxf4 Rxe1+ 30. Bf1 Bc5 31. Kg2 Rd1 32. Bc4 Rd2 33. h4 1/2-1/2

[Event "Warsaw-ch"]
[Site "Warsaw"]
[Date "1997.??.??"]
[Round "7"]
[White "Rutkowska, Mariola"]
[Black "Gawronski, Miroslaw"]
[Result "0-1"]
[WhiteElo "2080"]
[BlackElo "2205"]
[PlyCount "64"]
[EventDate "1997.??.??"]
[EventType "swiss"]
[EventRounds "9"]
[EventCountry "POL"]
[SourceTitle "EXT 2000"]
[Source "ChessBase"]
[SourceDate "1999.11.16"]
[SourceVersion "1"]
[SourceVersionDate "1999.11.16"]
[SourceQuality "1"]

1. e4 d6 2. d4 Nf6 3. Nc3 c6 4. g3 Qa5 5. Bg2 e5 6. Nge2 Be7 7. 0-0 Nbd7 8. h3 b5 9. Be3 Bb7 10. a3 Qc7 11. f4 Nb6 12. b3 0-0 13. Kh2 Rfe8 14. fxe5 dxe5 15. dxe5 Qxe5 16. Bd4 Qc7 17. e5 Nfd5 18. Nxd5 Nxd5 19. Bxd5 cxd5 20. b4 Bf8 21. Nf4 g6 22. c3 Bg7 23. Nd3 Bc8 24. Qf3 Bf5 25. Nf4 Be4 26. Nxd5 Bxd5 27. Qxd5 Rad8 28. Qf3 Bxe5 29. Bxe5 Rxe5 30. Rad1 Rde8 31. Rd3 Qc4 32. Rd7 Rf5 0-1

[Event "POL-ch sf (Women)"]
[Site "Poraj "]
[Date "1997.??.??"]
[Round "?"]
[White "Rutkowska, Mariola"]
[Black "Gazik, Renata"]
[Result "0-1"]
[WhiteElo "2080"]
[BlackElo "2130"]
[PlyCount "120"]
[EventDate "1997.??.??"]
[EventType "swiss"]
[EventRounds "11"]
[EventCountry "POL"]
[SourceTitle "EXT 2001"]
[Source "ChessBase"]
[SourceDate "2000.11.22"]
[SourceVersion "1"]
[SourceVersionDate "2000.11.22"]
[SourceQuality "1"]

1. e4 c5 2. Nf3 Nc6 3. Nc3 d6 4. d4 cxd4 5. Nxd4 Nf6 6. g3 Bg4 7. f3 Bd7 8. Be3 g6 9. Bg2 Bg7 10. Nde2 0-0 11. h3 Qa5 12. Qd2 Ne5 13. b3 Bc6 14. Rc1 Rfd8 15. f4 Ned7 16. 0-0 Nh5 17. Kh2 Nc5 18. Nd5 Qxd2 19. Bxd2 Rd7 20. c4 e6 21. Ndc3 Nf6 22. b4 Ncxe4 23. b5 Nxd2 24. bxc6 Nxf1+ 25. Rxf1 bxc6 26. Bxc6 Rc8 27. Bxd7 Nxd7 28. Nb5 Rxc4 29. Nxd6 Rc2 30. Rf2 Rxa2 31. Kg2 Nc5 32. Nc1 Rxf2+ 33. Kxf2 a5 34. Ke3 a4 35. Na2 Kf8 36. g4 h6 37. Nc8 f5 38. Nd6 fxg4 39. hxg4 Ke7 40. Nc4 h5 41. gxh5 gxh5 42. Nb4 Kf6 43. Kf3 Kf5 44. Ne3+ Kg6 45. Nc4 Nd7 46. Ne3 Nf6 47. Ke2 Nd5 48. f5+ Kf6 49. Nbxd5+ exd5 50. Nxd5+ Kxf5 51. Kf3 a3 52. Nb4 h4 53. Na2 Bf6 54. Nb4 Be5 55. Na2 h3 56. Nb4 h2 57. Kg2 Ke4 58. Kh1 Bd6 59. Nc2 a2 60. Na1 Kd3 0-1

[Event "Frydek Mistek op-B"]
[Site "Frydek Mistek"]
[Date "1997.??.??"]
[Round "4"]
[White "Rutkowska, Mariola"]
[Black "Hrabal, Petr"]
[Result "1/2-1/2"]
[WhiteElo "2080"]
[BlackElo "2055"]
[PlyCount "85"]
[EventDate "1997.??.??"]
[EventType "swiss"]
[EventRounds "9"]
[EventCountry "CZE"]
[SourceTitle "EXT 1998"]
[Source "ChessBase"]
[SourceDate "1997.11.17"]
[SourceVersion "1"]
[SourceVersionDate "1997.11.17"]
[SourceQuality "1"]

1. e4 c5 2. Nf3 e6 3. d4 cxd4 4. Nxd4 Nf6 5. Nc3 Bb4 6. e5 Ne4 7. Qg4 Nxc3 8. Qxg7 Rf8 9. a3 Nb5+ 10. axb4 Nxd4 11. Bg5 Qb6 12. Bh6 Qxb4+ 13. c3 Nf5 14. cxb4 Nxg7 15. Bxg7 Rg8 16. Bf6 Nc6 17. b5 Nb4 18. Ra4 Nd5 19. Bh4 d6 20. exd6 Bd7 21. Bd3 a6 22. Bxh7 Bxb5 23. Bxg8 Bxa4 24. Kd2 Kf8 25. Bh7 f5 26. g4 Kg7 27. gxf5 Kxh7 28. fxe6 Nf4 29. b3 Bc6 30. Re1 Ng2 31. Re5 Nxh4 32. Rh5+ Kg6 33. Rxh4 Rd8 34. d7 Kf6 35. Rh6+ Ke7 36. f4 Be4 37. Rh5 Rf8 38. Re5 Bf5 39. Ke3 Bxe6 40. d8Q+ Rxd8 41. f5 Kf6 42. Rxe6+ Kxf5 43. Rb6 1/2-1/2

[Event "Warsaw-ch"]
[Site "Warsaw"]
[Date "1997.??.??"]
[Round "5"]
[White "Rutkowska, Mariola"]
[Black "Krysztofiak, Marcin"]
[Result "1/2-1/2"]
[WhiteElo "2080"]
[BlackElo "2140"]
[PlyCount "111"]
[EventDate "1997.??.??"]
[EventType "swiss"]
[EventRounds "9"]
[EventCountry "POL"]
[SourceTitle "EXT 2000"]
[Source "ChessBase"]
[SourceDate "1999.11.16"]
[SourceVersion "1"]
[SourceVersionDate "1999.11.16"]
[SourceQuality "1"]

1. e4 e5 2. Nf3 Nc6 3. Bb5 a6 4. Ba4 Nf6 5. d3 b5 6. Bb3 Be7 7. Nbd2 d6 8. c3 Na5 9. Bc2 c5 10. 0-0 0-0 11. Re1 Qc7 12. Nf1 h6 13. h3 Re8 14. Ne3 Bf8 15. Nd5 Nxd5 16. exd5 Bd7 17. b3 c4 18. dxc4 bxc4 19. b4 Nb7 20. a3 g6 21. a4 a5 22. b5 Bg7 23. Rb1 Nc5 24. Ba3 e4 25. b6 Qb8 26. Nd4 Qb7 27. Bxc5 dxc5 28. Nb5 Qxb6 29. Bxe4 Bxb5 30. Rxb5 Qd6 31. Qc1 Reb8 32. Bf3 Rxb5 33. axb5 Qb6 34. Qb2 a4 35. Rb1 a3 36. Qc2 Ra5 37. Qa2 Bxc3 38. Be2 Rxb5 39. Rxb5 Qxb5 40. Bxc4 Qb2 41. Qxb2 axb2 42. Ba2 Kf8 43. Kf1 Ke7 44. Ke2 Bd4 45. Kd3 Bxf2 46. Kc2 Bd4 47. d6+ Kxd6 48. Bxf7 g5 49. Ba2 Ke5 50. Bc4 h5 51. Ba2 h4 52. Bc4 Kd6 53. Ba2 Kc6 54. Bc4 Kb6 55. Bd3 Ka5 56. Kb3 1/2-1/2

[Event "Warsaw-ch"]
[Site "Warsaw"]
[Date "1997.??.??"]
[Round "9"]
[White "Spicak, Krzysztof"]
[Black "Rutkowska, Mariola"]
[Result "0-1"]
[WhiteElo "2160"]
[BlackElo "2080"]
[PlyCount "74"]
[EventDate "1997.??.??"]
[EventType "swiss"]
[EventRounds "9"]
[EventCountry "POL"]
[SourceTitle "EXT 2000"]
[Source "ChessBase"]
[SourceDate "1999.11.16"]
[SourceVersion "1"]
[SourceVersionDate "1999.11.16"]
[SourceQuality "1"]

1. e4 g6 2. d4 Bg7 3. c4 d6 4. Nc3 Nc6 5. Be3 e5 6. d5 Nd4 7. Nge2 Nxe2 8. Bxe2 f5 9. f3 Bh6 10. Qd2 Bxe3 11. Qxe3 f4 12. Qf2 Nh6 13. c5 0-0 14. 0-0 g5 15. cxd6 cxd6 16. h3 Nf7 17. Rfc1 h5 18. Nb5 g4 19. fxg4 hxg4 20. hxg4 Ng5 21. Bf3 Rf7 22. Rc2 a6 23. Nc3 Bd7 24. Rac1 Rh7 25. Nd1 Bb5 26. Qd2 Nxf3+ 27. gxf3 Rh3 28. Qe1 Rxf3 29. Rf2 Qh4 30. Rc3 Rg3+ 31. Rxg3 Qxg3+ 32. Kh1 Kg7 33. Qd2 Rh8+ 34. Rh2 Rxh2+ 35. Qxh2 Qf3+ 36. Qg2 Qxd1+ 37. Kh2 Qe2 0-1